000 00312nam a2200121Ia 4500
008 220204s9999 xx 000 0 und d
082 _a929A/Z(JON)
_bFIE
100 _aHenry
245 0 _aHistory of Tom Jones: A foundling
260 _aChicago
_bEncyclopedia Britanica
_c1952
505 _aset price
942 _cBK
999 _c36164
_d36164